Anzeigenhauptmeister-Quiz - Statistiken

Allgemein
  • Dieses Quiz wurde 139 mal gespielt
    138 seit der letzten Aktualisierung
  • Das Durchschnittsergebnis liegt bei 7 aus 10
Antwortstatistiken
Frage Antwort % Korrekt
Was ist das Ziel des Anzeigenhauptmeisters? In jeder Stadt und Gemeinde in Deutschland einen Falschparker anzeigen
91%
Was steht auf dem Schild, welches am Fahrrad des Anzeigenhauptmeisters hängt? POLIZFI
85%
Welcher Nachrichtensender machte ihn so berühmt? Der Spiegel
81%
Welche Stadt besucht der Anzeigenhauptmeister in der Doku des oben genannten Nachrichtensenders? Buxtehude
75%
Was macht des Anzeigenhauptmeister beruflich? Er studiert im medizinischen Bereich
72%
Was ist die Heimatstadt vom Anzeigenhauptmeister? Gräfenhainichen
67%
Wer plant sein großes Comeback mit dem Anzeigenhauptmeister? Stefan Raab
60%
Welche Person aus dem Internet hat der Anzeigenhauptmeister schon angezeigt? Finch
54%
Wann hat er als "Anzeigenhauptmeister" angefangen? 2022
46%
Was ist der öffentliche Name des Anzeigenhauptmeisters? Niclas Matthei
41%
Keine übereinstimmenden Quizze gefunden
Verteilung der Resultate
Anzahl Personen mit jedem Resultat
Perzentil nach korrekt beantworteten Fragen
Ihre Resultats-Entwicklung
Sie haben dieses Quiz seit der letzten Aktualisierung nicht gespielt